000 01874nam0a2200385 4500
001 RU\NLR\bibl\731048
005 20260405070812.0
010 _a5-94808-132-Х
_9500
035 _a(NLR Aleph) 000721009
090 _a702950
_c702950
100 _a20050303d2004 |||y0rusy50 ca
101 0 _arus
_deng
102 _aRU
105 _aa |||||||||
200 1 _aДиоксины и диоксиноподобные соединения
_dDioxins and dioxin-like compounds
_eпути образования, свойства, способы деструкции
_eмонография
_fВ.П. Ившин, Р.В. Полушин
_gМ-во образования и науки Рос. Федерации, Марийс. гос. ун-т
_zeng
210 _aЙошкар-Ола
_cМарийс. гос. ун-т
_d2004
215 _a315 с.
_cил.
_d20
300 _aАвт. также на англ. яз.: V.P. Ivshin, R.V. Polushin
300 _aРез. на англ. яз.
320 _aБиблиогр.: с. 6-7 (23 назв.) и в конце глав
510 0 _6z55790
_aDioxins and dioxin-like compounds
_zeng
606 0 _aДиоксины
_xТоксичность
_9976562
_3RU\NLR\auth\66367112
606 0 _aОкружающая среда
_xЗагрязнение диоксинами
_9976521
_3RU\NLR\auth\66367096
686 _aР121.102.6
686 _aР284.6
700 1 _aИвшин
_bВ. П.
_gВиктор Павлович
_4070
701 1 _aПолушин
_bР. В.
_gРоман Викторович
_4070
790 1 _4070
_8rus
_7ba
_aIvšin
_bV. P.
_f1941-
_gViktor Pavlovič
_3RU\NLR\auth\7724065
_97117
790 1 _4070
_8rus
_7ba
_aPolušin
_bR. V.
_gRoman Viktorovič
_3RU\NLR\auth\7724068
_97120
801 0 _aRU
_bNLR
_c20050303
_gPSBO
801 1 _aRU
_bNLR
_c20050303
830 _aавт. по кн.
942 _cBOOK
980 _aNB